000 00981nam2a22002411 4500
001 rc\4099136
005 20250611000239.0
035 _a(NLR Aleph) 007974384
090 _a8479894
_c8479894
100 _a20130415d1954 |||y0rusy50 ca
101 0 _arus
102 _aRU
105 _ay z |||||
200 1 _aОпыт производства клееных строительных деталей
210 _d1954
_aБ. м.
225 1 _a...
_v№ К-54-14
461 0 _1001rc\4098387
_12001#$aПериодическая информация$eТема №-$vТема № 53 [2]
_98475351
_aЦентральный институт технико-экономической информации (Москва)
_cМосква
_d1953-
_nБ. и.
_oТема №-
_tПериодическая информация
_vТема № 53 [2]
700 1 _aМазур
_bМ.В.
801 0 _aRU
_bNLR
_gpsbo
801 1 _aRU
_bELAR
_2rusmarc
852 _aNLR
_jТ10 Г-8/85
942 _cBOOK
980 _aNB